Zahraniční obchod v praxi výrobních organizací Výkladový sborník hlavních pojmů výrobní praxe
Saved in:
| Main Author: | |
|---|---|
| Format: | Book |
| Language: | Czech |
| Published: |
Praha
Inst. pro výchovu ved. prac. Min. prům. ČSR
1987
|
| Edition: | 1. vyd. |
| Tags: |
No Tags, Be the first to tag this record!
|
MARC
| LEADER | 00000nam a2200000 4500 | ||
|---|---|---|---|
| 001 | c038519 | ||
| 005 | 20221219103729.8 | ||
| 041 | 0 | |a cze | |
| 044 | |a CZ | ||
| 245 | 1 | 0 | |a Zahraniční obchod v praxi výrobních organizací |b Výkladový sborník hlavních pojmů výrobní praxe |c Alfons Kachlík |
| 250 | |a 1. vyd. | ||
| 264 | 1 | |a Praha |b Inst. pro výchovu ved. prac. Min. prům. ČSR |c 1987 | |
| 300 | |a 160 s. | ||
| 100 | 1 | |a Kachlík, Alfons | |